| 000 | 01256nam a2200325 a 4500 | ||
|---|---|---|---|
| 001 | 000111276 | ||
| 003 | CHAP | ||
| 005 | 20220329144205.0 | ||
| 008 | 150126s2015 mx sm |||||||spa d | ||
| 010 | _a107738 | ||
| 011 | _a108710 | ||
| 040 | _cCHAP | ||
| 090 | _aTesis | ||
| 100 | 1 |
_aTerrones Salgado, José _9127213 |
|
| 245 | 1 | 0 |
_aEvaluación de prácticas químicas, biológicas y culturales en el control del gusano cogollero (Spodoptera frugiperda J. E. Smith.) en el cultivo del maíz (Zea mays L.) _h[En línea] _cpor José Terrones Salgado. |
| 260 |
_aChapingo, Méx. : _bEl autor, _c2015. |
||
| 500 | _aPara ver el contenido del material haga clic en la liga | ||
| 502 | _aTesis (M.C. en Protección Vegetal) -- UACH. Departamento de Parasitología Agrícola | ||
| 590 |
_aE11695DGD _b10 _c20170125 _lUCH01 _h1009 |
||
| 590 |
_aE5765TAJ _b05 _c20150126 _lUCH01 _h1218 |
||
| 590 |
_aE5765TAJ _b05 _c20150126 _lUCH01 _h1218 |
||
| 650 | 1 | 4 |
_aControl biológico de plagas. _927587 |
| 650 | 1 | 4 |
_aGusano cogollero del maíz. _951561 |
| 650 | 1 | 4 |
_aInsecticidas. _958855 |
| 650 | 1 | 4 |
_aMaíz _xPlagas _xControl. _971035 |
| 856 |
_aFinding aid _uhttp://10.13.5.2/tesis/sist111276.pdf _zTeclea aquí |
||
| 901 | _aBK | ||
| 942 | _cTESIS | ||
| 942 | _n0 | ||
| 999 |
_c107738 _d107738 |
||